[Event "13. Obert Int. Sant Marti 2011 - B"]
[Site "Barcelona ESP"]
[Date "2011.07.13"]
[Round "1.1"]
[White "Pariente Lopez, Eduard"]
[Black "Gonzalez Edo, David"]
[Result "0-1"]
[WhiteElo "1979"]
[BlackElo "1721"]
[PlyCount "82"]
[EventDate "2011.07.13"]
[EventType "swiss"]
[EventRounds "9"]
[EventCountry "ESP"]
[SourceTitle "Ajedrez en Madrid"]
[Source "lmi"]
[SourceDate "2011.07.13"]
[SourceVersion "1"]
[SourceVersionDate "2019.06.21"]
[SourceQuality "1"]

1. e4 c5 2. c3 g6 3. d4 cxd4 4. cxd4 Bg7 5. Nf3 d5 6. e5 Bg4 7. h3 Bxf3 8. Qxf3
e6 9. Bb5+ Nc6 10. O-O Nge7 11. Bg5 O-O 12. Bxc6 bxc6 13. Rc1 Rc8 14. Qa3 f6
15. exf6 Bxf6 16. Bxf6 Rxf6 17. Qxa7 Qf8 18. f3 Qh6 19. Re1 Nf5 20. Qa6 Rcf8
21. Qd3 Qh4 22. Rd1 Qg3 23. Nd2 Nh4 24. Qe2 Kg7 25. Rf1 Nf5 26. Qe5 Qh4 27. Nb3
Qh6 28. Rae1 R8f7 29. Rc1 Ne3 30. Rf2 Nc4 31. Qe2 Rb7 32. Rc2 Ra7 33. a3 Qf4
34. Nc5 Re7 35. Qd3 e5 36. Rce2 Ref7 37. b3 e4 38. fxe4 Qc1+ 39. Kh2 Rxf2 40.
Ne6+ Kg8 41. bxc4 Qf1 0-1

[Event "13. Obert Int. Sant Marti 2011 - B"]
[Site "Barcelona ESP"]
[Date "2011.07.13"]
[Round "1.2"]
[White "Lopez Pajuelo, Aleix"]
[Black "Medina Altamirano, Karla"]
[Result "0-1"]
[WhiteElo "1719"]
[BlackElo "1977"]
[PlyCount "110"]
[EventDate "2011.07.13"]
[EventType "swiss"]
[EventRounds "9"]
[EventCountry "ESP"]
[SourceTitle "Ajedrez en Madrid"]
[Source "lmi"]
[SourceDate "2011.07.13"]
[SourceVersion "1"]
[SourceVersionDate "2019.06.21"]
[SourceQuality "1"]

1. e4 e5 2. Nf3 Nc6 3. d4 exd4 4. c3 dxc3 5. Bc4 d6 6. Qb3 Qd7 7. Nxc3 Na5 8.
Qb5 Qxb5 9. Bxb5+ Bd7 10. e5 Nc6 11. exd6 Bxd6 12. Be3 Nf6 13. O-O-O h6 14. Bd4
Nxd4 15. Bxd7+ Nxd7 16. Rxd4 O-O-O 17. Ne4 Be7 18. Rhd1 Rhe8 19. Rc4 Nb6 20.
Rcd4 Rxd4 21. Rxd4 Rd8 22. Rxd8+ Kxd8 23. Ne5 Ke8 24. Kc2 Nd7 25. Nxd7 Kxd7 26.
Kd3 Kc6 27. Kc4 b5+ 28. Kd3 a5 29. b3 Bb4 30. Ng3 Kd5 31. Nf5 Bf8 32. Nd4 c6
33. f3 Bd6 34. Nf5 Bxh2 35. Nxg7 c5 36. Nf5 c4+ 37. bxc4+ bxc4+ 38. Kc2 h5 39.
Ng7 h4 40. Nf5 Bg3 41. Ne3+ Kd4 42. Nf5+ Kc5 43. Ne3 Bf2 44. Nf5 Kd5 45. Kc3
Be1+ 46. Kc2 Ke5 47. Ne3 c3 48. Kd3 Kf4 49. Ke2 Bd2 50. Nc2 Kg3 51. Kf1 h3 52.
gxh3 Kxf3 53. Nd4+ Ke4 54. Nb3 a4 55. Nc5+ Ke3 0-1

[Event "13. Obert Int. Sant Marti 2011 - B"]
[Site "Barcelona ESP"]
[Date "2011.07.13"]
[Round "1.3"]
[White "Pascual Gonzalez-Novelles, Carle"]
[Black "Niubo Barrachina, Oriol"]
[Result "1-0"]
[WhiteElo "1975"]
[BlackElo "1716"]
[PlyCount "85"]
[EventDate "2011.07.13"]
[EventType "swiss"]
[EventRounds "9"]
[EventCountry "ESP"]
[SourceTitle "Ajedrez en Madrid"]
[Source "lmi"]
[SourceDate "2011.07.13"]
[SourceVersion "1"]
[SourceVersionDate "2019.06.21"]
[SourceQuality "1"]

1. e4 c6 2. d4 d5 3. Nc3 dxe4 4. Nxe4 Bf5 5. Ng3 Bg6 6. h4 h6 7. Nf3 Nf6 8. Ne5
Bh7 9. Bc4 e6 10. Qe2 Nd5 11. Bd3 Bxd3 12. Qxd3 Nd7 13. f4 Nxe5 14. fxe5 Be7
15. h5 a5 16. Bd2 b5 17. O-O Rf8 18. Rf3 Kd7 19. Raf1 f5 20. exf6 Rxf6 21. Ne4
Rxf3 22. Rxf3 Qg8 23. Nc5+ Bxc5 24. dxc5 Kc7 25. Bf4+ Kb7 26. Bd6 Re8 27. c4
Nb4 28. Qg6 bxc4 29. Rf7+ Ka6 30. Rxg7 Qh8 31. Qf7 Kb5 32. a3 Rb8 33. axb4 axb4
34. Bxb8 Qxb8 35. Qxe6 Qa8 36. Qe5 c3 37. bxc3 Qa1+ 38. Kf2 bxc3 39. Rh7 Qa2+
40. Qe2+ Qxe2+ 41. Kxe2 Kc4 42. Rb7 Kxc5 43. Kd3 1-0

[Event "13. Obert Int. Sant Marti 2011 - B"]
[Site "Barcelona ESP"]
[Date "2011.07.13"]
[Round "1.4"]
[White "Falomir Ballega, Sergi"]
[Black "Yastrebova, Tatiana"]
[Result "1/2-1/2"]
[WhiteElo "1713"]
[BlackElo "1967"]
[PlyCount "79"]
[EventDate "2011.07.13"]
[EventType "swiss"]
[EventRounds "9"]
[EventCountry "ESP"]
[SourceTitle "Ajedrez en Madrid"]
[Source "lmi"]
[SourceDate "2011.07.13"]
[SourceVersion "1"]
[SourceVersionDate "2019.06.21"]
[SourceQuality "1"]

1. d4 Nf6 2. Nf3 e6 3. e3 d5 4. Bd3 Be7 5. O-O O-O 6. b3 c5 7. Bb2 Nc6 8. Nbd2
b6 9. Ne5 Bb7 10. f4 Rc8 11. c3 cxd4 12. exd4 Bd6 13. Qf3 Nd7 14. g4 Bxe5 15.
fxe5 Qe7 16. Qh3 g6 17. Nf3 f6 18. a4 Rf7 19. Ba3 Qe8 20. exf6 e5 21. Ng5 e4
22. Nxf7 Qxf7 23. Be2 Nd8 24. g5 Ne6 25. Qg3 Nb8 26. h4 Nc6 27. Bg4 Re8 28. Qd6
Na5 29. Bxe6 Rxe6 30. Qb8+ Re8 31. Qxe8+ Qxe8 32. f7+ Qxf7 33. Rxf7 Kxf7 34.
Rf1+ Kg8 35. Bf8 Bc8 36. Rf6 h6 37. Bxh6 Bf5 38. Rf8+ Kh7 39. Rf7+ Kg8 40. Rf8+
1/2-1/2

[Event "13. Obert Int. Sant Marti 2011 - B"]
[Site "Barcelona ESP"]
[Date "2011.07.13"]
[Round "1.5"]
[White "Perez Grizia, Jorge Adrian"]
[Black "Torras Chicon, Adria"]
[Result "1/2-1/2"]
[WhiteElo "1960"]
[BlackElo "1712"]
[PlyCount "94"]
[EventDate "2011.07.13"]
[EventType "swiss"]
[EventRounds "9"]
[EventCountry "ESP"]
[SourceTitle "Ajedrez en Madrid"]
[Source "lmi"]
[SourceDate "2011.07.13"]
[SourceVersion "1"]
[SourceVersionDate "2019.06.21"]
[SourceQuality "1"]

1. d4 Nf6 2. Bg5 d5 3. c3 c6 4. Nd2 Bf5 5. Qb3 Qb6 6. e3 Nbd7 7. Ngf3 h6 8. Bh4
e6 9. Ne5 Bd6 10. Nxd7 Nxd7 11. f3 O-O 12. g4 Bg6 13. f4 c5 14. Qxb6 Nxb6 15.
Bg3 cxd4 16. exd4 Rac8 17. a4 Nd7 18. Be2 Nf6 19. O-O Ne4 20. Nxe4 Bxe4 21. f5
Bxg3 22. hxg3 exf5 23. gxf5 Rc6 24. Bf3 Bxf3 25. Rxf3 Re8 26. Kf2 g5 27. fxg6
fxg6 28. a5 Kg7 29. Ra4 Ree6 30. Rb4 b6 31. Rb5 Rcd6 32. a6 Rf6 33. Kg2 Rxf3
34. Kxf3 h5 35. Ke3 Kf6 36. b3 Ke6 37. Rb4 g5 38. Ra4 h4 39. gxh4 gxh4 40. c4
h3 41. Ra1 Rd8 42. Rh1 Rh8 43. Rh2 Rh4 44. Kd3 Kd6 45. Ke3 Kc6 46. Kd3 Kd6 47.
Ke3 Kc6 1/2-1/2

[Event "13. Obert Int. Sant Marti 2011 - B"]
[Site "Barcelona ESP"]
[Date "2011.07.13"]
[Round "1.6"]
[White "Cort Hidalgo, Jordi"]
[Black "Morais Carreras, Javier"]
[Result "0-1"]
[WhiteElo "1706"]
[BlackElo "1957"]
[PlyCount "62"]
[EventDate "2011.07.13"]
[EventType "swiss"]
[EventRounds "9"]
[EventCountry "ESP"]
[SourceTitle "Ajedrez en Madrid"]
[Source "lmi"]
[SourceDate "2011.07.13"]
[SourceVersion "1"]
[SourceVersionDate "2019.06.21"]
[SourceQuality "1"]

1. e4 e5 2. Nf3 Nf6 3. Nxe5 d6 4. Nxf7 Kxf7 5. d4 Be7 6. Nc3 Rf8 7. Bc4+ Be6 8.
Bxe6+ Kxe6 9. f4 Kf7 10. e5 Ne8 11. Qf3 Kg8 12. Qxb7 Nd7 13. Qd5+ Kh8 14. O-O
dxe5 15. dxe5 Nb6 16. Qe4 Rb8 17. Be3 Qc8 18. f5 Qa6 19. Bd4 c5 20. f6 gxf6 21.
exf6 Bxf6 22. Bxf6+ Nxf6 23. Rxf6 Rxf6 24. Qe5 Nd7 25. Qe7 Qe6 26. Re1 Qxe7 27.
Rxe7 Rxb2 28. Rxd7 Rxc2 29. Nd1 Rxa2 30. h3 Re6 31. Nf2 Re1+ 0-1

[Event "13. Obert Int. Sant Marti 2011 - B"]
[Site "Barcelona ESP"]
[Date "2011.07.13"]
[Round "1.7"]
[White "Castellet Menchon, Cora"]
[Black "Amor Alcaide, Manuel"]
[Result "1-0"]
[WhiteElo "1696"]
[BlackElo "1948"]
[PlyCount "97"]
[EventDate "2011.07.13"]
[EventType "swiss"]
[EventRounds "9"]
[EventCountry "ESP"]
[SourceTitle "Ajedrez en Madrid"]
[Source "lmi"]
[SourceDate "2011.07.13"]
[SourceVersion "1"]
[SourceVersionDate "2019.06.21"]
[SourceQuality "1"]

1. e4 d6 2. d4 Nf6 3. Nc3 c6 4. a4 g6 5. g3 Bg7 6. Bg2 O-O 7. Nge2 Kh8 8. O-O
Nbd7 9. f4 e5 10. Kh1 Re8 11. h3 exd4 12. Nxd4 Nc5 13. Re1 Qc7 14. b4 Ne6 15.
Nxe6 fxe6 16. Rb1 Nh5 17. Ne2 d5 18. e5 Bf8 19. g4 Ng7 20. Be3 b6 21. c4 Bb7
22. cxd5 cxd5 23. Rc1 Qd7 24. Qb3 Rec8 25. Nd4 Rc4 26. Rxc4 dxc4 27. Qxc4 Bxg2+
28. Kxg2 Qxa4 29. Nxe6 Qxb4 30. Qxb4 Bxb4 31. Rb1 Nxe6 32. Rxb4 Rc8 33. Ra4 Rc7
34. Kf3 Kg7 35. Ke4 Kf7 36. f5 gxf5+ 37. gxf5 Nd8 38. Bg5 Nb7 39. e6+ Ke8 40.
Rd4 a5 41. f6 Nc5+ 42. Kf5 Nxe6 43. Kxe6 Rc6+ 44. Kf5 b5 45. Re4+ Kf7 46. Re7+
Kg8 47. Bh6 Rc5+ 48. Ke4 Rc4+ 49. Kd3 1-0

[Event "13. Obert Int. Sant Marti 2011 - B"]
[Site "Barcelona ESP"]
[Date "2011.07.13"]
[Round "1.8"]
[White "Molina Hernandez, Albert"]
[Black "Agudo Martin, Francisco Javier"]
[Result "1/2-1/2"]
[WhiteElo "1957"]
[BlackElo "1705"]
[PlyCount "114"]
[EventDate "2011.07.13"]
[EventType "swiss"]
[EventRounds "9"]
[EventCountry "ESP"]
[SourceTitle "Ajedrez en Madrid"]
[Source "lmi"]
[SourceDate "2011.07.13"]
[SourceVersion "1"]
[SourceVersionDate "2019.06.21"]
[SourceQuality "1"]

1. e4 c5 2. Nf3 d6 3. d4 cxd4 4. Nxd4 Nf6 5. Nc3 a6 6. Bc4 e6 7. Bg5 Be7 8. a4
Nc6 9. O-O O-O 10. Nxc6 bxc6 11. Qe2 Qc7 12. Rfe1 e5 13. Rad1 Bg4 14. f3 Bh5
15. Kh1 Rad8 16. Bxa6 Rfe8 17. h4 h6 18. Be3 d5 19. exd5 e4 20. Qf2 exf3 21.
gxf3 Qd7 22. dxc6 Qxc6 23. Bb5 Qxf3+ 24. Qxf3 Bxf3+ 25. Kg1 Rxd1 26. Nxd1 Rd8
27. Nc3 Ng4 28. Bb6 Bxh4 29. Rf1 Rb8 30. Rxf3 Rxb6 31. Rf4 h5 32. b3 Ne5 33.
Rf5 Rg6+ 34. Kf1 Rf6 35. Rxf6 Bxf6 36. a5 Nf3 37. a6 Bd4 38. Be2 Ne5 39. Nb5
Bb6 40. a7 Bxa7 41. Nxa7 h4 42. b4 g5 43. b5 f5 44. Nc6 Nd7 45. Ne7+ Kf7 46.
Nxf5 Kf6 47. Ne3 Ke5 48. b6 Nxb6 49. Nc4+ Nxc4 50. Bxc4 g4 51. Kf2 Kf4 52. Bd5
h3 53. c4 g3+ 54. Ke2 Ke5 55. Kf3 g2 56. Kf2 Kd4 57. Be6 Kc5 1/2-1/2

[Event "13. Obert Int. Sant Marti 2011 - B"]
[Site "Barcelona ESP"]
[Date "2011.07.13"]
[Round "1.9"]
[White "Perez Cuadrado, Eduardo"]
[Black "Moreno Perez, Norberto"]
[Result "0-1"]
[WhiteElo "1702"]
[BlackElo "1955"]
[PlyCount "76"]
[EventDate "2011.07.13"]
[EventType "swiss"]
[EventRounds "9"]
[EventCountry "ESP"]
[SourceTitle "Ajedrez en Madrid"]
[Source "lmi"]
[SourceDate "2011.07.13"]
[SourceVersion "1"]
[SourceVersionDate "2019.06.21"]
[SourceQuality "1"]

1. d4 e6 2. e4 d5 3. Nc3 Bb4 4. e5 Ne7 5. Qg4 Ng6 6. Bd3 c5 7. Nge2 h5 8. Qg3
Ne7 9. Bb5+ Bd7 10. Bxd7+ Qxd7 11. a3 Nf5 12. Qf3 Bxc3+ 13. bxc3 cxd4 14. cxd4
Nc6 15. Bd2 Ncxd4 16. Nxd4 Nxd4 17. Qd3 Nf5 18. O-O Rc8 19. Rab1 b6 20. Rfc1
O-O 21. Qf3 h4 22. c3 Rc4 23. Rb4 Rfc8 24. Qd3 b5 25. Rcb1 a6 26. Rxc4 bxc4 27.
Qc2 d4 28. Qb2 d3 29. Qb7 Rc7 30. Qxa6 h3 31. Rb8+ Kh7 32. Qa8 Qd5 33. Qxd5
exd5 34. gxh3 Ra7 35. Bc1 d4 36. Rb4 dxc3 37. Rxc4 d2 38. Bxd2 cxd2 0-1

[Event "13. Obert Int. Sant Marti 2011 - B"]
[Site "Barcelona ESP"]
[Date "2011.07.13"]
[Round "1.10"]
[White "Diaz Nieto, Alberto"]
[Black "Moliner Vacca, Enric"]
[Result "1-0"]
[WhiteElo "1948"]
[BlackElo "1699"]
[PlyCount "42"]
[EventDate "2011.07.13"]
[EventType "swiss"]
[EventRounds "9"]
[EventCountry "ESP"]
[SourceTitle "Ajedrez en Madrid"]
[Source "lmi"]
[SourceDate "2011.07.13"]
[SourceVersion "1"]
[SourceVersionDate "2019.06.21"]
[SourceQuality "1"]

1. d4 Nf6 2. c4 e5 3. dxe5 Ng4 4. e4 Nxe5 5. f4 Nec6 6. Be3 Bb4+ 7. Nd2 d6 8.
a3 Ba5 9. Bd3 Nd7 10. Ngf3 h6 11. O-O O-O 12. Qe1 Re8 13. Qf2 Nf6 14. h3 Bd7
15. Rac1 a6 16. b4 Bb6 17. Bxb6 cxb6 18. Rfe1 Qc7 19. Nb3 Rac8 20. Rc2 Rcd8 21.
Qh4 Qc8 1-0

[Event "13. Obert Int. Sant Marti 2011 - B"]
[Site "Barcelona ESP"]
[Date "2011.07.14"]
[Round "2.1"]
[White "Medina Altamirano, Karla"]
[Black "Poyato Ruiz, Fernando"]
[Result "1-0"]
[WhiteElo "1977"]
[BlackElo "1822"]
[PlyCount "95"]
[EventDate "2011.07.13"]
[EventType "swiss"]
[EventRounds "9"]
[EventCountry "ESP"]
[SourceTitle "Ajedrez en Madrid"]
[Source "lmi"]
[SourceDate "2011.07.13"]
[SourceVersion "1"]
[SourceVersionDate "2019.06.21"]
[SourceQuality "1"]

1. e4 e6 2. d4 d5 3. Nc3 Nf6 4. e5 Nfd7 5. Nf3 c5 6. dxc5 Nc6 7. Bf4 Nxc5 8.
Bd3 Be7 9. Qd2 Nxd3+ 10. Qxd3 Qb6 11. O-O f6 12. Qb5 Qxb5 13. Nxb5 O-O 14. Bg3
Bd7 15. exf6 gxf6 16. c3 a6 17. Nc7 Rac8 18. Rfe1 Kf7 19. b4 Bd8 20. b5 Bxc7
21. bxc6 Bxc6 22. Rab1 Ba5 23. Re3 e5 24. h3 Ba4 25. Rxb7+ Rc7 26. Rxc7+ Bxc7
27. Nd2 Rb8 28. Rd3 Ke6 29. c4 d4 30. Nb3 Bxb3 31. axb3 Ba5 32. Rxd4 exd4 33.
Bxb8 d3 34. Kf1 Kd7 35. Bf4 Kc6 36. Be3 Bc3 37. f3 f5 38. f4 Bb4 39. Kf2 a5 40.
Kf3 Kd6 41. Bd4 Bd2 42. g4 Ke6 43. Be5 h6 44. gxf5+ Kxf5 45. c5 Bb4 46. c6 Ke6
47. c7 Kd7 48. f5 1-0

[Event "13. Obert Int. Sant Marti 2011 - B"]
[Site "Barcelona ESP"]
[Date "2011.07.14"]
[Round "2.2"]
[White "Volart Buil, Jordi"]
[Black "Pascual Gonzalez-Novelles, Carle"]
[Result "1-0"]
[WhiteElo "1817"]
[BlackElo "1975"]
[PlyCount "45"]
[EventDate "2011.07.13"]
[EventType "swiss"]
[EventRounds "9"]
[EventCountry "ESP"]
[SourceTitle "Ajedrez en Madrid"]
[Source "lmi"]
[SourceDate "2011.07.13"]
[SourceVersion "1"]
[SourceVersionDate "2019.06.21"]
[SourceQuality "1"]

1. d4 Nf6 2. c4 g6 3. Nc3 d5 4. Bf4 c6 5. e3 Bg7 6. h3 O-O 7. Nf3 e6 8. Bd3
Nbd7 9. O-O Nb6 10. c5 Nbd7 11. b4 b5 12. a4 bxa4 13. Rxa4 Bb7 14. Qe2 Ne8 15.
Rfa1 a5 16. Rxa5 f6 17. Rxa8 Bxa8 18. Qa2 Nc7 19. Bd6 Re8 20. Qa5 Nb5 21. Nxb5
cxb5 22. Bxb5 Qc8 23. Qc7 1-0

[Event "13. Obert Int. Sant Marti 2011 - B"]
[Site "Barcelona ESP"]
[Date "2011.07.14"]
[Round "2.3"]
[White "Morais Carreras, Javier"]
[Black "Garcia Lopez, Nicolas"]
[Result "0-1"]
[WhiteElo "1957"]
[BlackElo "1814"]
[PlyCount "116"]
[EventDate "2011.07.13"]
[EventType "swiss"]
[EventRounds "9"]
[EventCountry "ESP"]
[SourceTitle "Ajedrez en Madrid"]
[Source "lmi"]
[SourceDate "2011.07.13"]
[SourceVersion "1"]
[SourceVersionDate "2019.06.21"]
[SourceQuality "1"]

1. e4 Nf6 2. e5 Nd5 3. Nc3 Nxc3 4. dxc3 d6 5. Nf3 Nc6 6. Bf4 dxe5 7. Nxe5 Qxd1+
8. Rxd1 Nxe5 9. Bxe5 c6 10. Bc4 f6 11. Bg3 e5 12. O-O Bd7 13. Bf7+ Ke7 14. f4
Bg4 15. Bb3 Bxd1 16. Rxd1 Rd8 17. Re1 Kd7 18. fxe5 Bc5+ 19. Kh1 Rhe8 20. e6+
Ke7 21. h4 Rd2 22. Bf4 Rdd8 23. Bc7 Rc8 24. Bf4 Bf2 25. Rd1 Rcd8 26. Rxd8 Rxd8
27. g3 Bc5 28. Kg2 Rd1 29. g4 Rb1 30. g5 Rxb2 31. gxf6+ gxf6 32. Kf3 Rb1 33.
Kg4 Rg1+ 34. Kf5 Bf2 35. h5 Rh1 36. h6 Rg1 37. Bd2 Be1 38. Be3 Rf1+ 39. Ke4 b6
40. Kd3 Bh4 41. Ke2 Rh1 42. Bf4 Bg5 43. Bb8 Rxh6 44. Bxa7 Rh2+ 45. Kf3 Rh3+ 46.
Kg4 Rxc3 47. Bxb6 c5 48. Ba5 Re3 49. Bd2 Re4+ 50. Kf3 Rh4 51. Bxg5 fxg5 52. Bd5
Rd4 53. c4 h5 54. a4 Rd3+ 55. Ke4 Ra3 56. Kf5 g4 57. Kg5 g3 58. Kxh5 Ra2 0-1

[Event "13. Obert Int. Sant Marti 2011 - B"]
[Site "Barcelona ESP"]
[Date "2011.07.14"]
[Round "2.4"]
[White "Moreno Perez, Norberto"]
[Black "Abascal Vicente, Ignacio"]
[Result "1-0"]
[WhiteElo "1955"]
[BlackElo "1806"]
[PlyCount "53"]
[EventDate "2011.07.13"]
[EventType "swiss"]
[EventRounds "9"]
[EventCountry "ESP"]
[SourceTitle "Ajedrez en Madrid"]
[Source "lmi"]
[SourceDate "2011.07.13"]
[SourceVersion "1"]
[SourceVersionDate "2019.06.21"]
[SourceQuality "1"]

1. e4 e5 2. c3 Nf6 3. d3 Nc6 4. Nf3 Bc5 5. Bg5 h6 6. Bh4 d6 7. h3 Be6 8. a3 g5
9. Bg3 Ne7 10. d4 exd4 11. cxd4 Bb6 12. Bd3 Ng6 13. Nc3 Qe7 14. Qc2 Nh5 15.
O-O-O Nxg3 16. fxg3 O-O-O 17. Na4 Qf6 18. Nxb6+ axb6 19. Rhf1 Qe7 20. Kb1 Kb8
21. d5 Bd7 22. Nd4 Ne5 23. Bb5 Bc8 24. Rc1 Rhf8 25. Qa4 Bd7 26. Bxd7 Qxd7 27.
Nb5 1-0

[Event "13. Obert Int. Sant Marti 2011 - B"]
[Site "Barcelona ESP"]
[Date "2011.07.14"]
[Round "2.5"]
[White "Moreno Crespo, Lorenzo"]
[Black "Diaz Nieto, Alberto"]
[Result "0-1"]
[WhiteElo "1813"]
[BlackElo "1948"]
[PlyCount "120"]
[EventDate "2011.07.13"]
[EventType "swiss"]
[EventRounds "9"]
[EventCountry "ESP"]
[SourceTitle "Ajedrez en Madrid"]
[Source "lmi"]
[SourceDate "2011.07.13"]
[SourceVersion "1"]
[SourceVersionDate "2019.06.21"]
[SourceQuality "1"]

1. d4 d5 2. c4 e5 3. e3 exd4 4. exd4 Nf6 5. Nf3 Be7 6. Be2 O-O 7. O-O b6 8. Nc3
Bb7 9. Bg5 Nbd7 10. Re1 Re8 11. Bd3 h6 12. Bh4 c5 13. cxd5 Nxd5 14. Bxe7 Rxe7
15. Rxe7 Qxe7 16. Nxd5 Bxd5 17. dxc5 Nxc5 18. Bh7+ Kxh7 19. Qxd5 Rd8 20. Qf5+
g6 21. Qc2 Re8 22. Rc1 Qe2 23. h3 Qa6 24. Qc4 Qxc4 25. Rxc4 Re2 26. b4 Ne6 27.
a4 Ra2 28. b5 Nc5 29. Ne5 Rxa4 30. Rxa4 Nxa4 31. Nc6 Kg7 32. Nxa7 Kf6 33. f4
Ke6 34. g4 Kd5 35. Kf2 Kc5 36. Ke3 Nc3 37. h4 Nxb5 38. Nc8 Nd6 39. Nxb6 Kxb6
40. Kd4 Kc7 41. Ke5 Ne8 42. f5 Kd7 43. fxg6 fxg6 44. h5 gxh5 45. gxh5 Ke7 46.
Kf5 Kf7 47. Ke5 Ng7 48. Kf4 Nxh5+ 49. Kg4 Kg6 50. Kh4 Nf6 51. Kg3 Kg5 52. Kh3
Ne4 53. Kh2 Kg4 54. Kg2 h5 55. Kh2 h4 56. Kg2 h3+ 57. Kh2 Ng5 58. Kg1 Kg3 59.
Kh1 Ne4 60. Kg1 h2+ 0-1

[Event "13. Obert Int. Sant Marti 2011 - B"]
[Site "Barcelona ESP"]
[Date "2011.07.14"]
[Round "2.6"]
[White "Llopis Jordan, Lluis"]
[Black "Flores Linan, Josep Luis"]
[Result "1/2-1/2"]
[WhiteElo "1803"]
[BlackElo "1941"]
[PlyCount "145"]
[EventDate "2011.07.13"]
[EventType "swiss"]
[EventRounds "9"]
[EventCountry "ESP"]
[SourceTitle "Ajedrez en Madrid"]
[Source "lmi"]
[SourceDate "2011.07.13"]
[SourceVersion "1"]
[SourceVersionDate "2019.06.21"]
[SourceQuality "1"]

1. d4 Nf6 2. c4 g6 3. Nc3 Bg7 4. e4 d6 5. Nf3 O-O 6. Be2 c5 7. d5 Na6 8. O-O
Bd7 9. Rb1 Nc7 10. a3 a6 11. b4 cxb4 12. axb4 b5 13. Bd2 bxc4 14. Bxc4 Bb5 15.
Nxb5 axb5 16. Bd3 Ng4 17. Qe2 Qd7 18. Rfc1 Ra6 19. Rc2 Rfa8 20. Rbc1 Ra1 21. g3
Rxc1+ 22. Rxc1 Ra1 23. Qd1 Rxc1 24. Qxc1 h5 25. Kg2 Ne5 26. Nxe5 Bxe5 27. Qd1
Kg7 28. Qe2 Bd4 29. Qf3 Ne8 30. Qe2 Nc7 31. Qf3 e5 32. Qe2 f6 33. h3 Qe8 34. f3
Qb8 35. Bc1 Qb6 36. Qc2 Qa7 37. Bd2 g5 38. Be1 Kg6 39. Qe2 Qa1 40. Qd2 Qa3 41.
Kf1 Qb3 42. Be2 Ne8 43. Kg2 Nc7 44. Bd3 Qa3 45. Be2 Qa1 46. Kf1 Bb6 47. Qc3
Qxc3 48. Bxc3 Be3 49. Kg2 Kf7 50. Kf1 f5 51. g4 fxg4 52. fxg4 h4 53. Ke1 Ke7
54. Kd1 Kd8 55. Kc2 Kc8 56. Kb3 Kb7 57. Be1 Kb6 58. Kc2 Na6 59. Kb3 Nb8 60. Kc2
Nd7 61. Kd3 Bf4 62. Kc2 Ka6 63. Bf2 Nf8 64. Be1 Ng6 65. Bf1 Be3 66. Bd2 Bf4 67.
Kd3 Kb6 68. Ke2 Bxd2 69. Kxd2 Ne7 70. Kc3 Nc8 71. Kb3 Ka6 72. Be2 Nb6 73. Bf1
1/2-1/2

[Event "13. Obert Int. Sant Marti 2011 - B"]
[Site "Barcelona ESP"]
[Date "2011.07.14"]
[Round "2.7"]
[White "Amor Alcaide, Manuel"]
[Black "Collell Rodriguez, Victor"]
[Result "1-0"]
[WhiteElo "1948"]
[BlackElo "1594"]
[PlyCount "33"]
[EventDate "2011.07.13"]
[EventType "swiss"]
[EventRounds "9"]
[EventCountry "ESP"]
[SourceTitle "Ajedrez en Madrid"]
[Source "lmi"]
[SourceDate "2011.07.13"]
[SourceVersion "1"]
[SourceVersionDate "2019.06.21"]
[SourceQuality "1"]

1. b4 Nf6 2. Bb2 e6 3. a3 a5 4. b5 d5 5. e3 Be7 6. Nf3 Nbd7 7. d3 O-O 8. Nbd2
b6 9. d4 Bb7 10. Bd3 Qc8 11. Rc1 c5 12. bxc6 Qxc6 13. c4 Rac8 14. O-O Ne4 15.
cxd5 Qxd5 16. Bxe4 Rxc1 17. Qxc1 1-0

[Event "13. Obert Int. Sant Marti 2011 - B"]
[Site "Barcelona ESP"]
[Date "2011.07.14"]
[Round "2.8"]
[White "Vicente Soriano, Josep"]
[Black "Mouritsen, Jan"]
[Result "0-1"]
[WhiteElo "1939"]
[BlackElo "1788"]
[PlyCount "48"]
[EventDate "2011.07.13"]
[EventType "swiss"]
[EventRounds "9"]
[EventCountry "ESP"]
[SourceTitle "Ajedrez en Madrid"]
[Source "lmi"]
[SourceDate "2011.07.13"]
[SourceVersion "1"]
[SourceVersionDate "2019.06.21"]
[SourceQuality "1"]

1. e4 c5 2. Nc3 Nc6 3. f4 d6 4. Nf3 e6 5. Be2 a6 6. a4 Qc7 7. O-O Nf6 8. Kh1
Be7 9. d4 cxd4 10. Nxd4 O-O 11. Bf3 Bd7 12. Nb3 Rac8 13. Be3 Rfe8 14. Qd2 Na5
15. Nxa5 Qxa5 16. Nd5 Qxd2 17. Nxe7+ Rxe7 18. Bxd2 Rc4 19. b3 Rxc2 20. Bb4 Re8
21. Bxd6 Bc6 22. Rae1 Rd8 23. e5 Bxf3 24. Rxf3 Ne4 0-1

[Event "13. Obert Int. Sant Marti 2011 - B"]
[Site "Barcelona ESP"]
[Date "2011.07.14"]
[Round "2.9"]
[White "Castellet Menchon, Didac"]
[Black "Navarro Coloma, Antonio"]
[Result "1/2-1/2"]
[WhiteElo "1802"]
[BlackElo "1938"]
[PlyCount "28"]
[EventDate "2011.07.13"]
[EventType "swiss"]
[EventRounds "9"]
[EventCountry "ESP"]
[SourceTitle "Ajedrez en Madrid"]
[Source "lmi"]
[SourceDate "2011.07.13"]
[SourceVersion "1"]
[SourceVersionDate "2019.06.21"]
[SourceQuality "1"]

1. e4 e6 2. d3 d5 3. Nd2 Nf6 4. g3 Be7 5. Bg2 b6 6. Ngf3 Bb7 7. e5 Nfd7 8. O-O
c5 9. Re1 Nc6 10. Nf1 Qc7 11. Bf4 h6 12. h4 Nd4 13. N1h2 Nxf3+ 14. Nxf3 d4
1/2-1/2

[Event "13. Obert Int. Sant Marti 2011 - B"]
[Site "Barcelona ESP"]
[Date "2011.07.14"]
[Round "2.10"]
[White "Bieg Pagel, Clemens"]
[Black "Torralba Perez, Antonio"]
[Result "1/2-1/2"]
[WhiteElo "1938"]
[BlackElo "1781"]
[PlyCount "54"]
[EventDate "2011.07.13"]
[EventType "swiss"]
[EventRounds "9"]
[EventCountry "ESP"]
[SourceTitle "Ajedrez en Madrid"]
[Source "lmi"]
[SourceDate "2011.07.13"]
[SourceVersion "1"]
[SourceVersionDate "2019.06.21"]
[SourceQuality "1"]

1. e4 c5 2. Ne2 g6 3. g3 d5 4. Bg2 dxe4 5. Nbc3 f5 6. O-O Bg7 7. f3 exf3 8.
Bxf3 Nf6 9. Nf4 O-O 10. Qe2 Kh8 11. Ne6 Bxe6 12. Qxe6 Ne4 13. Bxe4 fxe4 14.
Rxf8+ Qxf8 15. Nxe4 Nc6 16. c3 Qf3 17. Ng5 Qd1+ 18. Kg2 Ne5 19. d4 Rf8 20. Bf4
Qxa1 21. dxe5 Qxb2+ 22. Kh3 Rxf4 23. gxf4 Qxc3+ 24. Kg2 Qd2+ 25. Kg3 Qd3+ 26.
Nf3 Qd8 27. Kh4 Qf8 1/2-1/2